[Event "Olympiad-31"]
[Site "Moscow"]
[Date "1994.12.08"]
[Round "7.1"]
[White "Yurtaev, Leonid"]
[Black "Gulko, Boris F"]
[Result "1-0"]
[WhiteElo "2530"]
[BlackElo "2590"]
[Annotator "Horn,Pe"]
[PlyCount "55"]
[EventDate "1994.12.01"]
[EventType "team-swiss"]
[EventRounds "14"]
[EventCountry "RUS"]
[SourceTitle "CBM 045"]
[Source "ChessBase"]
[SourceDate "1995.04.01"]
[SourceVersion "1"]
[SourceVersionDate "1995.04.01"]
[SourceQuality "1"]
[WhiteTeam "Kyrgysztan"]
[BlackTeam "US of America"]
[WhiteTeamCountry "KGZ"]
[BlackTeamCountry "USA"]

1. e4 {Moiseev} e6 2. d3 c5 3. Nf3 Nc6 4. g3 d5 5. Nbd2 Nge7 6. Bg2 g6 7. O-O
Bg7 8. Re1 b6 9. c3 (9. e5 Qc7 10. Qe2 g5 11. Nxg5 (11. h3 h5 12. Nxg5 Qxe5 13.
Ndf3 Qxe2 14. Rxe2 O-O {Thuesen-Bykhovsky/Kopenhagen/1990}) 11... Qxe5 $132) (
9. exd5 $5 {Moiseev N} exd5 10. d4 O-O 11. dxc5 bxc5 12. Nb3 Qb6 13. c3 c4 14.
Nbd4 Nxd4 15. Nxd4 Bxd4 16. cxd4 Be6 17. b3 $16 {Oratovsky,M-Kiriakov,P/Vejen/
1993/}) 9... Bb7 (9... a5 10. Nf1 (10. e5 Qc7 11. Qe2 g5 12. Nxg5 Qxe5 13. Nde4
$13 {Stanojoski-Jukic/JUG-ch/1990}) 10... dxe4 (10... d4) 11. dxe4 Qxd1 12.
Rxd1 a4 13. Rb1 O-O 14. Bf4 $14 {Dolmatov-A.Sokolov/Manila/1990}) (9... O-O 10.
e5 Qc7 11. Qe2 g5 12. Nxg5 (12. Bh3 h6 13. Bg4 Ng6 14. d4 cxd4 15. cxd4 Nb4 $17
{Gustafsson-Murugan/Gausdal/1991}) 12... Qxe5 13. Nde4 $13 {
Kochetkov-Moskalenko/Alushta1/1994}) (9... Ba6 10. Qa4 Bb7 11. e5 Qd7 12. Qa3
g5 $132 {Ramik-Tibensky/CSR/1992}) 10. e5 g5 $146 {This has been played in
positions with Qc7/Qe2, intending Qxe5 after Nxg5 (-> variations on the 9th
move). I feel, it is less justified here.} (10... Qd7 11. d4 cxd4 12. cxd4 Rc8
13. Nf1 (13. a3 $1) 13... Nb4 14. Ne3 Nf5 15. Re2 Ba6 16. Rd2 Nxe3 17. fxe3 Bh6
18. Qb3 Qb5 19. Ne1 O-O 20. a3 Na2 $1 $19 {Prudei-S.Ivanov/Leningrad/1989}) (
10... Qc7 {Moiseev} 11. Qe2 h6) (10... h6 $5 {Moiseev}) 11. Nxg5 Nxe5 12. Ndf3
N5g6 (12... Nxf3+ $6 {Moiseev} 13. Qxf3 O-O 14. Qh5 $16) 13. d4 (13. Nxf7 $2
Kxf7 14. Ng5+ Kg8 15. Nxe6 $17 (15. Bh3 Bc8)) 13... h6 14. Nh3 Qd7 15. a4 {
Because of the weak Ph6, the black K isn't safe after 0-0. So, White prepares
opening routes on the Q-side.} Nc6 (15... a5 {Moiseev}) 16. Nf4 Nxf4 17. Bxf4
$16 Ba6 $6 (17... c4 $142 {Moiseev}) 18. a5 Qb7 $2 {Simply looses a P.} (18...
Nxa5 $4 19. b4 $18) (18... bxa5 19. dxc5 $18) (18... cxd4 19. axb6 axb6 20.
cxd4 $16 (20. Bf1 Qc8) 20... O-O $6 21. Qd2 Kh7 $2 22. Rxa6 Rxa6 23. Qd3+ Kh8
24. Qxa6 $18) 19. axb6 axb6 (19... Qxb6 $2 {Moiseev} 20. dxc5 Qb7 21. Qxd5 $18)
(19... cxd4 {Moiseev} 20. Nxd4 Nxd4 21. cxd4 Qxb6 (21... axb6 22. Qh5 $1 {
/\ 23 Re6, 23 Bd5} Kf8 23. Rac1 Rc8 (23... Bc4 $2 24. Rxc4 $18) 24. Rxc8+ Qxc8
25. Rc1 $16) 22. Bxd5 $40) 20. dxc5 bxc5 (20... O-O $142 {Moiseev} 21. cxb6
Qxb6 22. Qd2 $16 Kh7) 21. Qxd5 $18 O-O 22. Qxc5 Qb5 23. Qe3 (23. Qxb5 {Moiseev}
Bxb5 24. Rxa8 Rxa8 25. Ne5 $18) 23... Qxb2 24. Rab1 Qc2 (24... Qxc3 {Moiseev}
25. Qxc3 Bxc3 26. Rec1 Bd3 (26... Nd4 27. Nxd4 Bxd4 28. Bxa8 $18) 27. Rb3 $18)
25. Bxh6 Bxh6 26. Qxh6 Rab8 27. Rbc1 Qf5 28. Nh4 (28. Nh4 {Moiseev} Qc5 29.
Bxc6 Qxc6 30. Nf5 $18) 1-0

[Event "Asia-ch"]
[Site "Kolkata"]
[Date "2001.08.16"]
[Round "10"]
[White "Dzhumaev, Marat"]
[Black "Wu, Wenjin"]
[Result "1-0"]
[WhiteElo "2497"]
[BlackElo "2560"]
[Annotator "Horn,Pe"]
[PlyCount "61"]
[EventDate "2001.08.09"]
[EventType "swiss"]
[EventRounds "11"]
[EventCountry "IND"]
[SourceTitle "CBM 085"]
[Source "ChessBase"]
[SourceDate "2001.11.13"]
[SourceVersion "1"]
[SourceVersionDate "2001.11.13"]
[SourceQuality "1"]

1. e4 c5 2. Nf3 e6 3. d3 Nc6 4. g3 d5 5. Nbd2 g6 6. Bg2 Bg7 7. O-O Nf6 ({
Üblich ist} 7... Nge7) 8. c3 O-O 9. e5 Nd7 10. d4 b6 11. a3 (11. Re1 cxd4 12.
cxd4 Nb4 13. Qb3 a5 14. a3 Nc6 15. Nf1 Ba6 16. Ne3 Rc8 17. h4 {Georg,M-Abdel
Hafez,S/Cairo 2000}) 11... a5 12. Re1 Ba6 13. Nf1 f6 14. exf6 Qxf6 15. Bg5 Qf7
16. Bf4 h6 17. h4 Kh7 18. N1h2 (18. Ne3) 18... Qf5 (18... Rfe8 19. Ng4 $16) 19.
Qd2 (19. Ng4 $5) 19... a4 ({Selbst nach} 19... Rae8 {scheint das Opfer} 20. h5
g5 (20... gxh5 $142) 21. Bxg5 {möglich:} hxg5 22. Nxg5+ Kh8 23. Bh3 Qd3 24.
Qxd3 Bxd3 25. Nxe6 $44) 20. Rad1 $1 ({Es war sofort} 20. h5 $5 {möglich, denn}
gxh5 (20... g5 21. Bxg5 hxg5 22. Nxg5+ Kh8 23. g4 Qd3 24. Qxd3 Bxd3 25. Nxe6)
21. Nh4 Qd3 $2 {geht kaum:} (21... Qf7 $142 $14) 22. Qxd3+ Bxd3 23. Rxe6 $16)
20... Na5 (20... Rac8 21. h5 $16) (20... Rae8 21. h5 $16) 21. h5 $1 g5 $2 (
21... Nc4 $6 22. hxg6+ Qxg6 23. Nh4 Nxd2 24. Nxg6 $16) ({Schwarz mußte} 21...
gxh5 {spielen:} 22. Nh4 Qf7 23. Qc2+ Kg8 $14) (21... Qxh5 $4 22. g4 $18) 22.
Bxg5 Nc4 (22... hxg5 23. Nxg5+ Kh8 24. g4 Qf6 25. Rxe6 Qd8 26. Bxd5 $18) (22...
Nb3 23. Qe3 hxg5 24. Nxg5+ Kh8 25. g4 Qc2 26. Nxe6 $18) 23. Qc1 (23. g4 Nxd2
24. gxf5 Nxf3+ 25. Bxf3 hxg5 $13) 23... e5 {Verzweiflung.} (23... hxg5 24. g4
Qf6 25. Rxe6 Qf4 26. Nxg5+ Kh8 27. Qxf4 Rxf4 28. Bxd5 $40) 24. g4 Qf7 25. dxe5
Ndxe5 26. Qc2+ Kh8 27. Nxe5 Bxe5 28. Nf3 {am einfachsten.} (28. Bxh6 $18) 28...
Bg7 29. Re7 Qg8 30. Nh4 Ne5 31. Bxd5 1-0

[Event "Noyabrsk"]
[Site "Noyabrsk"]
[Date "1995.??.??"]
[Round "8"]
[White "Komliakov, Viktor"]
[Black "Moskalenko, Viktor"]
[Result "1-0"]
[WhiteElo "2535"]
[BlackElo "2525"]
[Annotator "Horn,Pe"]
[PlyCount "73"]
[EventDate "1995.05.??"]
[EventType "tourn"]
[EventRounds "11"]
[EventCountry "RUS"]
[EventCategory "10"]
[SourceTitle "CBM 048"]
[Source "ChessBase"]
[SourceDate "1995.10.01"]
[SourceVersion "1"]
[SourceVersionDate "1995.10.01"]
[SourceQuality "1"]

1. e4 e6 2. d3 d5 3. Nd2 c5 4. Ngf3 Nc6 5. g3 g6 6. Bg2 Bg7 7. O-O Nge7 8. Re1
b6 9. exd5 $5 {This got recently into fashion.} Nxd5 (9... exd5 10. d4 O-O (
10... Bf5 $2 11. dxc5 $2 (11. c4 $1 dxc4 (11... cxd4 12. cxd5 Na5 13. Nxd4 $16)
12. Nxc4 O-O 13. dxc5 Qxd1 14. Rxd1 bxc5 15. Be3 $16) 11... Nb4 12. Nb3 $6 (12.
c4 Nc2 13. cxd5) 12... Nxc2 13. Nfd4 Nxe1 14. Nxf5 Nxf5 15. Qxe1+ Kf8 16. Bf4
bxc5 17. Nxc5 Rc8 $17 {Dzindzichashvili-Arnason/New York op/1992}) (10... cxd4
11. Nb3 Bg4 12. Bg5 Rc8 13. Nbxd4 Bxd4 14. Rxe7+ Nxe7 15. Qxd4) 11. dxc5 (11.
Nb3 c4 $10) 11... bxc5 12. Nb3 c4 13. Nbd4 Bg4 $5 14. Nxc6 Nxc6 15. h3 Bf5 16.
c3 Rb8 17. Qa4 Qd7 18. Rd1 Rfc8 19. Kh2 h6 $6 20. Rd2 $2 (20. Ne1 $1 Be6 21.
Nc2 $14 {[%csl Rd5]}) 20... Qe6 21. Qd1 Be4 22. Ne1 Rd8 23. Re2 Qf6 24. Bf4
Rbc8 25. Rd2 Bxg2 26. Kxg2 d4 $17 {Savicevic-Anapolsky/Leningrad URS-JUG TeamJ/
1991}) 10. d4 $5 (10. Nc4 {was played several times.}) 10... cxd4 11. Nb3 Bb7
$6 (11... O-O 12. Nbxd4 (12. Nfxd4 Bb7 13. c4 Nde7 14. Bg5 Qc8 15. Nb5 Rd8 16.
Qf3 Rd7 17. Qe2 Ne5 18. Rac1 Bxg2 19. Kxg2 h6 20. Bxe7 Qc6+ 21. f3 Rxe7 22.
N3d4 {1/2-1/2 Oratovsky,M-Bykhovsky,Av/Rishon le Zion YM (07) ;CBM 46 1995})
12... Nxd4 13. Nxd4 Ba6 (13... Qc7 14. Bf4 Qc4 15. Be5 Bxe5 16. Rxe5 Bb7 $10)
14. c3 {1/2-1/2 Psakhis,L-Dokhoian,Y/Sochi 1988} (14. Nc6 $5 Qd7 15. Bxd5 exd5
16. Qxd5 Rae8 $3 17. Qxd7 Rxe1+ 18. Kg2 Bf1+ 19. Kf3 Be2+ 20. Kg2 $10)) 12.
Nfxd4 Nxd4 13. Nxd4 {[%cal Rc2c4]} Rc8 14. Rxe6+ fxe6 $2 (14... Ne7 $3 15. Bxb7
fxe6 16. Be3 (16. Bxc8 $2 Bxd4 $19) 16... Rc4 17. Nxe6 Qxd1+ 18. Rxd1 $10) 15.
Nxe6 $16 Qd7 16. Nxg7+ Qxg7 $146 (16... Kf7 17. Bh6 Rhd8 18. Qe2 Kg8 (18... Qc6
$16) 19. Qe5 $6 (19. c4 Nb4 20. Bxb7 Qxb7 21. b3 $16) 19... Nb4 $2 (19... Rxc2
20. Nh5 Qc7 $1 (20... gxh5 $2 21. Bh3 $18) 21. Qxc7 Rxc7 22. Bxd5+ Bxd5 $14)
20. Nh5 $18 {Howell-Soln/Bled op/1995}) 17. Bxd5 Bxd5 18. Qxd5 Qd7 19. Qe5+ Kf7
20. Bh6 Rhg8 21. Re1 Rc5 (21... Rc6 $142) 22. Qf4+ Qf5 23. Qe3 (23. Qa4 $142)
23... Qd7 24. b4 (24. Qf3+ $5 Rf5 25. Rd1) 24... Rc6 (24... Rd5 $5 25. c4 Re8
$16) 25. b5 Re6 26. Qf4+ Rf6 27. Qc4+ Re6 28. Re4 Rc8 29. Rf4+ Kg8 30. h4 Rce8
31. a4 Kh8 (31... Qd1+ $5 $16) (31... Qc8 $5 $16) 32. Kh2 Kg8 (32... Qe7 $16)
33. Qb3 Kh8 $2 (33... Qe7 $16) 34. Qf3 $1 $18 Qe7 35. Rf7 Qd6 36. Bf8 Kg8 37.
Rg7+ 1-0

[Event "Illkirch Graffenstaden op"]
[Site "Illkirch Graffenstaden"]
[Date "2004.07.12"]
[Round "5"]
[White "Lerch, Patrice"]
[Black "Kalinitschew, Sergey"]
[Result "1/2-1/2"]
[WhiteElo "2358"]
[BlackElo "2517"]
[Annotator "Kalinitschew,S"]
[PlyCount "114"]
[EventDate "2004.07.10"]
[EventType "swiss"]
[EventRounds "9"]
[EventCountry "FRA"]
[SourceTitle "EXT 2005"]
[Source "ChessBase"]
[SourceDate "2004.11.15"]
[SourceVersion "1"]
[SourceVersionDate "2004.11.15"]
[SourceQuality "1"]

1. e4 e6 2. Nf3 c5 3. d3 Nc6 4. Nbd2 d5 5. g3 g6 6. Bg2 Bg7 7. O-O Nge7 8. Re1
b6 9. c3 a5 10. e5 (10. exd5 exd5 11. d4 a4 12. Ne5 Nxe5 13. dxe5 Be6 14. Nf3
h6 15. h4 O-O 16. Bf4 Qd7 17. Qe2 Rfd8 18. Nh2 Nc6 19. Bf3 d4 20. Rad1 Rac8 21.
Be4 Bf5 22. Nf3 Bxe4 23. Qxe4 Qd5 24. Qxd5 Rxd5 25. cxd4 Nxd4 26. Nxd4 Rxd4 27.
Rxd4 cxd4 28. Rd1 g5 29. hxg5 hxg5 30. Bxg5 Bxe5 31. Kg2 Rc5 32. Rd2 f6 33. Bh6
b5 34. Kf3 Kf7 35. g4 d3 36. Ke4 Rc4+ 37. Kxd3 Rxg4 38. Be3 Rb4 39. f4 Bxf4 40.
Bxf4 Rxf4 41. Ke3 Rh4 42. a3 Ke6 43. Rc2 Kd5 44. Rf2 Ke5 45. Kd3 Rh3+ 46. Kd2
Rb3 47. Kc2 f5 48. Re2+ Kd4 49. Rf2 Ke4 50. Kd1 f4 51. Rc2 Re3 52. Rf2 Rg3 53.
Re2+ Kd4 54. Rh2 f3 55. Rh8 Rg1+ $19 {1-0 Lauzeningks,J-Mortensen,E/Bundesliga
0001 2001/CBM 082 ext (55)}) 10... Qc7 11. Qe2 h6 12. Nf1 g5 13. h3 Ng6 14. d4
cxd4 15. cxd4 Ba6 16. Qc2 Rc8 17. Ne3 Nb4 18. Qxc7 Rxc7 19. Bd2 Kd7 20. Rec1
Nc6 21. a4 Rhc8 22. Bf1 Bxf1 23. Rxf1 Nge7 24. Bc3 Nf5 25. Rfd1 f6 26. Nxf5
exf5 27. Rd3 Re8 28. Re1 Kc8 29. exf6 Rxe1+ 30. Nxe1 Bxf6 31. f3 Ne7 32. Nc2
Kd7 33. Kf2 h5 34. Ke1 Rc8 35. Kd1 f4 36. g4 hxg4 37. hxg4 Rh8 38. Ne1 Rh1 39.
Ke2 Rh2+ 40. Kd1 Nc6 41. Nc2 Rf2 42. Ne1 Kc7 43. Nc2 Kb7 44. Be1 Rh2 45. Bc3
Rh1+ 46. Ne1 Ka6 47. Ke2 b5 48. axb5+ Kxb5 49. b3 Be7 50. Bd2 Ba3 51. Nc2 Bb2
52. Bc3 Rb1 53. Kd2 Nb4 $4 (53... Bc1+ 54. Kd1 Rxb3 (54... Be3+ 55. Ke2 Rxb3
56. Nxe3 fxe3 57. Rxe3 Kc4 58. Kd2 a4 $17) (54... Ba3+ 55. Ke2 Rxb3 56. Bxa5
Nxa5 57. Nxa3+ Ka4 58. Nc2 Nc4 59. Rxb3 Kxb3 60. Kd3 Nb2+ 61. Kd2 Kc4 62. Na3+
Kxd4 63. Nb5+ Kc5 64. Nc7 Nc4+ 65. Ke2 Kd6 66. Nb5+ Ke5 $17) (54... a4 $5 55.
bxa4+ Kc4 56. Ne1 (56. Ke2 Rb3 57. Rd1 Rxc3 58. Rxc1 Nxd4+ 59. Kd1 Rd3+ 60. Ke1
Nxf3+ $19) 56... Be3+ 57. Ke2 Nb4 58. Bxb4 Rxb4 59. Ra3 Rb2+ $19) 55. Kxc1 (55.
Na1 Rb1 (55... Ra3 56. Nc2 Kc4) 56. Kc2 Rxa1 57. Bxa1 Nb4+ 58. Kc3 Nxd3 59.
Kxd3 Ba3 60. Bc3 Bb4 $19) 55... Kc4 56. Kd2 Nb4 57. Ne3+ $8 (57. Na1 Ra3 58.
Nc2 Nxc2 59. Kxc2 Ra2+) 57... fxe3+ 58. Rxe3 Ra3 $1 (58... a4 59. Re8) 59. Bb2
(59. f4 gxf4 60. Rf3 Nd3 $1 $19) 59... Rxe3 60. Kxe3 Nc2+ $1 (60... Kb3 61. Bc1
a4 62. f4 gxf4+ 63. Kf3) 61. Kd2 Kb3 62. Bc3 a4 63. f4 (63. Kd3 a3 64. Kd2 a2
65. Kd3 Ne1+ $19) 63... gxf4 64. g5 f3 65. g6 f2 66. Ke2 Kxc3 67. Kxf2 (67. g7
Ne3 $1 68. g8=Q $8 f1=Q+ 69. Kxe3 Qd3+ 70. Kf2 Qxd4+ $19) 67... a3 68. g7 a2
69. g8=Q a1=Q $19 70. Qxd5 $140 Qe1+ 71. Kf3 Qh1+) 54. Nxb4 Bxc3+ 55. Kxc3
axb4+ 56. Kd2 Rf1 57. Kc2 Rf2+ 1/2-1/2

[Event "Bundesliga 9899"]
[Site "Germany"]
[Date "1998.12.13"]
[Round "6.3"]
[White "Gallagher, Joseph G"]
[Black "Knaak, Rainer"]
[Result "0-1"]
[WhiteElo "2525"]
[BlackElo "2555"]
[Annotator "Knaak,R"]
[PlyCount "96"]
[EventDate "1998.10.17"]
[EventType "team-tourn"]
[EventRounds "15"]
[EventCountry "GER"]
[SourceTitle "GER-chT"]
[Source "ChessBase"]
[SourceDate "1999.07.01"]
[SourceVersion "1"]
[SourceVersionDate "1999.07.01"]
[SourceQuality "1"]
[WhiteTeam "Castrop Rauxel"]
[BlackTeam "Werder Bremen"]
[WhiteTeamCountry "GER"]
[BlackTeamCountry "GER"]

1. e4 e6 2. Qe2 c5 3. g3 g6 4. Bg2 Bg7 5. Nf3 Nc6 6. d3 Nge7 7. h4 h6 8. c3 d5
9. O-O b6 (9... O-O $6 10. e5 $1 $16 {und Schwarz hat keine Option zu g6-g5
mehr.}) 10. Na3 $6 (10. a4 $1 {(Hracek)}) 10... Ba6 11. exd5 exd5 $6 (11...
Nxd5 $11) 12. Bf4 $14 O-O 13. Rfe1 Re8 14. Qd2 Kh7 15. Rad1 Qd7 16. b4 $5 cxb4
17. cxb4 Nd8 18. Be5 $1 {Der überraschte mich unangenehm. Ich hatte mit zwei
anderen Varianten gerechnet:} (18. b5 Bxb5 19. Ne5 Bxe5 20. Bxe5 (20. Rxe5 $44
Ndc6 $5) 20... Ba4 {Weiß hat wohl Kompensation, aber nicht mehr.}) (18. Ne5 Qa4
19. Nac4 $1 f6) 18... f6 {Das Feld e5 ist so schwach, daß Schwarz zu solchen
Maßnahmen greifen muß. Es sieht aber so schrecklich aus - Bg7 verstellt, Feld
e6 geschwächt -, daß ich einige Zeit benötigte, um mich für diesen Zug zu
entscheiden. Der Zug ist aber wohl nicht so schlecht wie er aussieht.} 19. Bb2
Nf7 $1 {Das ist das richtige Feld: der Ne7 geht nach f5 und der Nf7 nach d6
oder e5.} 20. Nd4 Nf5 21. Nxf5 Qxf5 22. b5 Bb7 23. Nc2 Qd7 24. Nd4 a6 25. Rxe8
$1 Rxe8 26. bxa6 Bxa6 27. Qb4 Ne5 28. Qxb6 $2 (28. Qb3 {Der ist viel besser.}
Qg4 29. Rd2 Nd7 30. Bxd5 Re1+ 31. Kh2 Ne5 32. Qxb6 (32. f3) 32... Bc8 33. Bg2
Qd1 34. Rxd1 Ng4+ $11) 28... Bxd3 29. Nf3 $6 {Mit Remisangebot, aber jetzt
steht Schwarz schon etwas besser.} Nc4 30. Qb3 Nxb2 $1 {Als ich remis ablehnte,
wollte ich hier noch anders spielen:} (30... Be2 $2 {aber} 31. Rxd5 $1 Qxd5 32.
Ng5+ fxg5 33. Bxd5 Nxb2 34. Bf7 $1 Rf8 35. hxg5 hxg5 36. Bxg6+ Kxg6 37. Qe6+
Bf6 38. Qxe2 $11) 31. Qxb2 f5 32. Qb4 Be4 33. h5 $1 {Ein giftiger Zug!} gxh5
34. Nd2 {Diese Phase ist von beiderseitiger Zeitnot geprägt.} Qa7 $2 {Sieht
verlockend aus, aber besser war} (34... Bxg2 35. Kxg2 d4 $17) 35. Nxe4 dxe4 36.
Qb5 $1 Re5 37. Qe2 $2 ({Nach} 37. Rd5 {kann Schwarz kaum gewinnen, etwa} Qxa2
38. Rxe5 Qa1+ 39. Bf1 Qxe5 40. Qxe5 Bxe5 41. f4 Bc7 42. Bb5 Kg7 43. Be8 h4 44.
Kg2 hxg3 45. Kxg3 {sollte remis sein.}) 37... e3 38. f4 Re7 39. Kh2 h4 $1 40.
gxh4 Qa4 41. Kg3 Bf6 {Oder} (41... Qxd1 42. Qxd1 e2 43. Qe1 Bc3 44. Qxc3 e1=Q+
45. Qxe1 Rxe1 {Ich weiß nicht, ob Schwarz gewinnt; das Problem ist weniger der
a-Bauer sondern der schwache Bf5.}) 42. Rf1 Qe8 43. Bh3 $1 (43. h5 Qg8+ 44. Kh2
Qg4 $19) 43... Qg6+ 44. Kh2 Bxh4 45. Rg1 Qf7 46. Rc1 $5 {Ich hatte vor allem
mit} (46. Qb5 {gerechnet.} e2 $1 47. Bxf5+ Kh8 48. Qb2+ Bf6 49. Qd2 Qh5+ 50.
Bh3 Re8 51. Re1 Qf3 $19) 46... Qd5 47. Rc3 $2 ({Nach} 47. Qc2 $1 {kommt
Schwarz nicht umhin} Rf7 {zu spielen.} 48. a4 Qe6 49. Qe2 Bf2 50. a5 {Hier
gestaltet sich die Sache viel schwieriger.} Qd6 51. Qf3 Bg3+ $1 52. Kh1 Bxf4
53. Rf1 Qe5 {und Schwarz sollte gewinnen.}) 47... Bf2 $1 {Jetzt gewinnt
Schwarz.} 48. Bg2 (48. Qh5 Bg1+ $1 49. Kxg1 Rg7+ {etc.}) 48... Qd6 0-1

[Event "POL-ch 57th"]
[Site "Plock"]
[Date "2000.05.01"]
[Round "4"]
[White "Markowski, Tomasz"]
[Black "Urban, Klaudiusz"]
[Result "1-0"]
[WhiteElo "2531"]
[BlackElo "2467"]
[Annotator "Konikowski,J"]
[PlyCount "97"]
[EventDate "2000.04.28"]
[EventType "tourn"]
[EventRounds "13"]
[EventCountry "POL"]
[EventCategory "10"]
[SourceTitle "CBM 078"]
[Source "ChessBase"]
[SourceDate "2000.10.18"]
[SourceVersion "1"]
[SourceVersionDate "2000.10.18"]
[SourceQuality "1"]

1. g3 d5 2. Nf3 g6 3. c4 d4 4. Bg2 Bg7 5. O-O c5 (5... Nc6 6. d3 e5 7. Na3 Nge7
8. Nc2 a5 9. b3 O-O 10. a3 Bd7 11. Bd2 Qc8 12. Qc1 Nf5 13. b4 a4 14. b5 Na5 15.
Bxa5 Rxa5 16. Nb4 c6 17. bxc6 bxc6 18. Rb1 Qc7 19. Nd2 Nd6 $13 {Geller,
E-Bronstein,D/Leningrad 1971/}) 6. d3 (6. e3 Nc6 7. exd4 cxd4 8. d3 Nf6 9. Na3
O-O 10. Re1 Nd7 11. Nc2 a5 12. b3 h6 13. Ba3 Re8 14. Nd2 Nf6 15. Bb2 e5 16. Nf3
Rb8 17. Rc1 Bf5 18. h3 g5 19. Kh2 Nd7 20. Ba3 Bf8 $15 {Markowski,T-Van Wely,L/
Polanica Zdroj 1999/}) 6... Nc6 7. Na3 Nf6 8. Nc2 a5 9. b3 O-O 10. a3 e5 11.
Rb1 e4 12. Nfe1 (12. dxe4 Nxe4 13. Nfxd4 Nc3 14. Nxc6 bxc6 15. Qxd8 Rxd8 $17
16. Bxc6 Nxe2+ 17. Kg2 Bf5 18. Bxa8 Rxa8 19. Be3 Bxc2 20. Bxc5 (20. Rbe1 Nd4
$19) 20... Bxb1 $17) 12... exd3 (12... Re8 $5 13. b4 cxb4 14. axb4 axb4 15.
Nxb4 exd3 (15... Nxb4 16. Rxb4 Qe7 17. Nc2 $14) 16. Nexd3 Ne4 $15) 13. Nxd3 (
13. Qxd3 Re8 $15) 13... Qe7 14. Bg5 h6 15. Bxf6 Bxf6 16. Nf4 Bg7 17. Nd5 Qd8
18. Ne1 Bf5 19. Nd3 Qd6 20. b4 axb4 21. axb4 cxb4 22. c5 Qd8 23. N5xb4 Qd7 24.
Nxc6 bxc6 25. Rb6 Rfc8 26. Nb4 Ra5 27. Bxc6 Qe7 28. Nd3 Bxd3 29. Qxd3 Rxc5 30.
Bf3 h5 31. h4 Rc3 32. Qa6 Qd7 33. Kg2 Rc1 34. Rb7 R1c7 35. Rfb1 Rxb7 36. Rxb7
Rc7 37. Rb5 Qe7 38. Qa8+ Kh7 39. Qd5 Rd7 40. Qb3 Rc7 41. Qb1 Kh6 $2 {[%mdl
8192]} (41... Rc5 $142 $5) 42. Bxh5 $1 $16 {[%mdl 512]} gxh5 43. Qf5 Qxe2 44.
Rb6+ f6 45. Qf4+ Kg6 46. Qxc7 Qe4+ 47. Kh2 Qf3 (47... Qf5 48. Kg1 Kh7 49. Rb7
$18) 48. Kg1 d3 49. Rb7 1-0

[Event "St Petersburg op"]
[Site "St Petersburg"]
[Date "1994.??.??"]
[Round "8"]
[White "Vasiukov, Evgeni"]
[Black "Krasenkow, Michal"]
[Result "0-1"]
[WhiteElo "2505"]
[BlackElo "2565"]
[Annotator "Krasenkow,M"]
[PlyCount "70"]
[EventDate "1994.02.??"]
[EventType "swiss"]
[EventRounds "9"]
[EventCountry "RUS"]
[SourceTitle "CBM 041"]
[Source "ChessBase"]
[SourceDate "1994.08.01"]
[SourceVersion "1"]
[SourceVersionDate "1994.08.01"]
[SourceQuality "1"]

1. e4 {Horn,Pe} c5 2. Nf3 e6 3. d3 d5 4. Nbd2 Nc6 5. g3 Bd6 6. Bg2 Nge7 7. O-O
O-O 8. Nh4 Bd7 9. f4 f5 {9...f6} 10. c4 $5 (10. b3 {Horn,Pe} b5 11. exf5 exf5
12. Bb2 Qb6 13. Kh1 Rae8 14. Qh5 Nb4 15. Ndf3 d4 16. Rf2 $2 (16. Rae1 $15)
16... Ned5 17. a3 $2 Nf6 18. Qg5 Ng4 19. Rd2 Be7 20. Qh5 g6 $19 {
Harding-Penrose/England/1972}) (10. exd5 {Horn,Pe} exd5 11. Re1 Be8 12. c3 (12.
Nhf3 Bh5) (12. Ndf3 Bh5) 12... Bf7 $10 {Watson}) (10. c3 {Horn,Pe} Kh8 (10...
b5 11. Ndf3 Qa5 12. Bd2 Rad8 13. Qe2 Qa4 14. Ng5 Rde8 15. Rfe1 h6 16. Ngf3 Bc7
17. Kh1 b4 $132 {Zuckerman-Spraggett/New York op/1987}) 11. Kh1 b5 (11... Be8
$5) 12. Ndf3 b4 13. c4 Bc7 14. exd5 exd5 15. Ng5 dxc4 $1 16. Qh5 h6 17. Ng6+
Kg8 18. Nxf8 Qxf8 19. Nf3 Be8 20. Qh3 cxd3 21. Be3 Bb6 (21... c4 $1) 22. Rac1
Rd8 23. Rfd1 {remis/Ciocaltea-Padevsky/Istanbul/1975}) (10. e5 $2 {Horn,Pe} Bc7
$15) 10... b5 $6 (10... d4 $10) 11. cxd5 $1 (11. cxb5 $2 {Horn,Pe} Nb4 {><b5,d3
}) 11... exd5 12. exf5 (12. Nxf5 Nxf5 13. exf5 Rxf5 (13... Nb4 {Horn,Pe} 14. a3
Nxd3 15. Bxd5+ Kh8 16. Ne4 Nxc1 17. Nxd6 $18)) (12. exd5 {Horn,Pe} Nb4) 12...
Nb4 13. Ndf3 $1 c4 $5 (13... Nxf5 14. a3 Nc6 (14... Na6 15. Ne5 $5 Be6 16. Nxf5
Rxf5 17. Re1 $16 {צf5,Na6,<->e,/^h1-a8}) 15. Nxf5 Bxf5 16. Ng5 $14 (16. Nh4 {
Horn,Pe} Bc7 (16... Be6 17. f5 Bf7 18. f6 $40) 17. Nxf5 Rxf5 18. g4 {/\ Qb3}))
14. dxc4 Bc5+ (14... Qb6+ 15. Kh1 bxc4 (15... dxc4 $2 16. Be3 $1) 16. Ng5 $16)
15. Kh1 dxc4 $1 16. Ng5 (16. Ne5 Bxf5 $1 (16... Bc6 17. Nxc6 Nexc6 (17... Nbxc6
{Horn,Pe} 18. Qe2 $16) 18. Bd2 $16) 17. Nxf5 Nxf5 18. Bxa8 Qxa8+ (18... Qxd1
19. Rxd1 Rxa8 20. Rd7) 19. Qf3 Qxf3+ 20. Nxf3 Nd3 $44 {/\Re8-e2@|^}) 16... Nxf5
$1 (16... Bxf5 {Horn,Pe} 17. Nxf5 Rxf5 18. Qxd8+) 17. Bd2 $3 (17. Bd5+ Kh8 18.
Nxh7 (18. Qh5 Nh6 $13 19. Qg6 $140 $2 Bf5) (18. Nf7+ $2 {Horn,Pe} Rxf7 19. Bxf7
Bc6+ $40) (18. Bxa8 Qxa8+ $40) 18... Nxd5 19. Nxf8 Bc6 $44 {->}) (17. Qh5 h6
$13) (17. a3 $5 Nd3 (17... Nxh4 $2 18. axb4 Nxg2 19. Qd5+ $18) 18. Qh5 Nh6 19.
Bd5+ Kh8 $13) 17... Nxh4 $1 (17... Nd3 $5 18. Qh5 Nh6 19. Bd5+ Kh8 20. Qxh6 (
20. Bc3 Qb6 $1 (20... Be8 21. Qxh6 Qxd5+ 22. Rf3 Qg8 23. Ne6 $18) 21. Bxa8 (21.
Ne4 Bd4 (21... Rac8 22. Nxc5 Rxc5 23. Qg5 Rf7 24. Bd4 $16) 22. Bxa8 Bxc3 23.
Nxc3 Rxa8 $44) 21... Rxa8 22. Nf7+ Nxf7 23. Qxf7 Bc6+ 24. Ng2 Bd4 $44) 20...
gxh6 21. Bc3+ Qf6 $1 (21... Rf6 22. Nf7+) 22. Bxf6+ Rxf6 23. Ne4 $1 Raf8 24.
Nxf6 Rxf6 $14) (17... Bc6 $6 18. Bxb4 Bxg2+ 19. Nxg2 Qxd1 (19... Bxb4 20. Qf3
$16) 20. Raxd1 Bxb4 21. Ne6 Rf7 22. g4 $16) 18. Bxb4 Bxb4 (18... Nxg2 $2 19.
Qd5+) 19. Qd5+ (19. gxh4 Bf5) 19... Kh8 20. gxh4 Qe7 $2 (20... Qe8 21. a3 Ba5
22. Nf7+ Qxf7 23. Qxf7 Rxf7 24. Bxa8 Bf5) 21. a3 Ba5 22. Nf7+ $2 (22. Nxh7 $1
Kxh7 (22... Rfc8 23. Ng5 $18) 23. Be4+ Qxe4+ (23... Kh6 24. Rg1 $1 g5 25. Rxg5
$18) (23... g6 24. Qh5+ Kg8 25. Qxg6+ Qg7 26. Qh5 Rf5 27. Qf3 $18) 24. Qxe4+
Bf5 25. Qg2 Rae8 26. Rf3 Be4 27. Rg1 $18 {Vasiukov,E}) (22. b4 {Horn,Pe} cxb3 (
22... Bb6 $2 23. Rae1 Qd8 24. Nf7+ Rxf7 25. Qxf7) 23. Qxb3 Rae8) 22... Qxf7 23.
Qxf7 Rxf7 24. Bxa8 Bf5 {<=>><b2,f4,h4,o^c4,^^} 25. Rf3 (25. Kg2 $5 $13 {Horn,Pe
}) 25... Rf8 {(+)} (25... Re7 $142 $44) 26. Bc6 a6 (26... Rc8 27. Re3 g5 $6 28.
Re5) 27. Re3 (27. Kg2 {Horn,Pe}) 27... Bb6 28. Re7 (28. Re8 $2 {Horn,Pe} Rxe8
29. Bxe8 Be4#) 28... Bc5 $2 (28... Bd4 29. Rae1 h6 (29... Bg6 $5) 30. Re8 Rxe8
31. Rxe8+ Kh7 32. Re2 $14) 29. Rb7 (29. Re2 {Horn,Pe} Bd3 30. Rg2 Rxf4 31. Re1)
(29. Ree1 {Horn,Pe}) 29... Bd4 30. Re1 h5 $6 (30... Bxb2 $4 31. Rf7 $1 $18) (
30... h6 $142) 31. Rbe7 $4 {(+)} (31. a4 $1 bxa4 (31... Bxb2 32. axb5 axb5 33.
Rxb5 c3 34. Rxf5 $1 Rxf5 35. Re8+ Kh7 36. Be4 g6 37. Bxf5 gxf5 38. Rc8 $18 {_|_
}) 32. Bxa4 $16) 31... Bxb2 32. Re8 $2 Rxe8 33. Rxe8+ Kh7 $19 34. Be4 Bxe4+ 35.
Rxe4 c3 0-1